Statistics for Manchester United Top Scorers

Click here to take the quiz!

General Stats

  • This quiz has been taken 51 times
  • The average score is 12 of 25

Answer Stats

CountryGoalsPlayer (Answer)% Correct
Portugal145Cristiano Ronaldo
98%
England253Wayne Rooney
96%
Wales168Ryan Giggs
84%
Netherlands150Ruud van Nistelrooy
76%
England231Bobby Charlton
73%
Northern Ireland155George Best
71%
England155Paul Scholes
71%
England126Marcus Rashford
69%
England85David Beckham
64%
Norway126Ole Gunnar Solskjaer
64%
France82Eric Cantona
62%
Trinidad and Tobago66Dwight Yorke
60%
England121Andy Cole
58%
France90Anthony Martial
53%
Portugal70Bruno Fernandes
51%
Scotland210Denis Law
51%
Wales151Mark Hughes
33%
England92Bryan Robson
27%
Scotland115Brian McClair
16%
England132Dennis Viollet
13%
England87Jack Rowley
9%
Ireland69Frank Stapleton
4%
England78Stan Pearson
4%
Scotland135David Herd
2%
England75Tommy Taylor
2%

Score Distribution

Percentile by Number Answered

Percent of People with Each Score

Your Score History

You have not taken this quiz